<?xml version="1.0" encoding="UTF-8"?>
<record
    xmlns:xsi="http://www.w3.org/2001/XMLSchema-instance"
    xsi:schemaLocation="http://www.loc.gov/MARC21/slim http://www.loc.gov/standards/marcxml/schema/MARC21slim.xsd"
    xmlns="http://www.loc.gov/MARC21/slim">

  <leader>00764naa a22001817i 4500</leader>
  <controlfield tag="003">KOSZ 005</controlfield>
  <controlfield tag="005">20170407132757.0</controlfield>
  <controlfield tag="008">160308s2010    pl  ||||| ||||0|| 0 pol  </controlfield>
  <datafield tag="035" ind1=" " ind2=" ">
    <subfield code="a">PBN-R:246563</subfield>
  </datafield>
  <datafield tag="040" ind1=" " ind2=" ">
    <subfield code="c">KOSZ 005/md</subfield>
    <subfield code="a">PBN-ID</subfield>
  </datafield>
  <datafield tag="041" ind1="0" ind2=" ">
    <subfield code="a">pol</subfield>
  </datafield>
  <datafield tag="100" ind1=" " ind2=" ">
    <subfield code="a">MAL&#x104;G, Leszek.</subfield>
    <subfield code="d">2010 - .</subfield>
    <subfield code="b">Politechnika Koszali&#x144;ska - Wydzia&#x142; Mechaniczny,</subfield>
    <subfield code="c">Katedra Mechaniki Technicznej i Wytrzyma&#x142;o&#x15B;ci Materia&#x142;&#xF3;w</subfield>
  </datafield>
  <datafield tag="245" ind1="1" ind2="0">
    <subfield code="a">Analiza istotno&#x15B;ci wp&#x142;ywu wybranych w&#x142;asno&#x15B;ci mechanicznych na stan napr&#x119;&#x17C;e&#x144; i odkszta&#x142;ce&#x144; w pr&#xF3;bce podczas rozci&#x105;gania /</subfield>
    <subfield code="c">Leszek Mal&#x105;g.</subfield>
  </datafield>
  <datafield tag="260" ind1=" " ind2=" ">
    <subfield code="c">2010.</subfield>
  </datafield>
  <datafield tag="650" ind1=" " ind2="0">
    <subfield code="a">Napr&#x119;&#x17C;enia i odkszta&#x142;cenia.</subfield>
  </datafield>
  <datafield tag="773" ind1="0" ind2="8">
    <subfield code="i">W :</subfield>
    <subfield code="t">Inwestycja w wiedz&#x119;. -</subfield>
    <subfield code="d">Szczecin : Wojew&#xF3;dzki Urz&#x105;d Pracy, 2010. -</subfield>
    <subfield code="g">s. 1</subfield>
  </datafield>
  <datafield tag="942" ind1=" " ind2=" ">
    <subfield code="c">ROZ</subfield>
    <subfield code="2">UKD</subfield>
  </datafield>
  <datafield tag="999" ind1=" " ind2=" ">
    <subfield code="c">8174</subfield>
    <subfield code="d">8174</subfield>
  </datafield>
</record>
